000
00318nam a22001217a 4500
005
20240705163143.0
008
240705b |||||||| |||| 00| 0 eng d
041
_a
eng
100
_a
DR,SHARMA, HARISHANKAR
_9
8446
245
_a
PARYAVARAN ADDHYAYAN VIDYALAYEEN PATHYAKARAM [ KAKSHA 1-12]
300
_a
168;P
942
_c
BK
999
_c
8556
_d
8554